Les vieux M´ont Conté

Na minha lista:
Detalhes bibliográficos
Autor principal: Lemieux, Germain
Formato: Livro
Idioma:Undetermined
Publicado em: Montreal, Canadá Bellarmin 1981
Assuntos:
Tags: Adicionar Tag
Sem tags, seja o primeiro a adicionar uma tag!

MARC

LEADER 00000nam a2200000Ia 4500
008 170316s9999 xx 000 0 und d
040 |a cru BVZT 
090 |a 818 L-19v 
100 |a Lemieux, Germain 
245 |a Les vieux M´ont Conté 
260 |a Montreal, Canadá 
260 |b Bellarmin 
260 |c 1981 
300 |a 231 páginas Tomo 1. 
650 |a LITERATURA CANADIENSE 
942 |c 15 D 
999 |c 6517  |d 6517